General knowledge quiz. - Statistics

General Stats
  • This quiz has been taken 32 times
  • The average score is 5 of 6
Answer Stats
Hint Answer % Correct
First letter of the alphabet A
100%
The opposite of take Give
100%
It’s not me it’s ___ You
83%
Game: ___ have I ever Never
80%
Movie: ___ in 60 seconds Gone
63%
2009 Pixar film UP
53%
No matching quizzes found
Score Distribution
Percent of People with Each Score
Percentile by Number Answered
Your Score History
You have not taken this quiz